| 000 | 00000nam##2200000za#4500 |
| 001 | 9.700380 |
| 003 | CaOODSP |
| 005 | 20210625000816 |
| 007 | cr ||||||||||| |
| 008 | 150407|1967||||xxc|||||o f|0| 0 eng|d |
| 040 | |aCaOODSP|beng |
| 043 | |an-cn--- |
| 086 | 1 |aA53-1183/1967E-PDF |
| 110 | 1 |aCanada.|bAgriculture Canada. |bInformation Services. |
| 245 | 10|aOil and meal from Canadian rapeseed / |h[electronic resource]|cCompiled by J.M. Bell, R.K. Downey, L.R. Wetter. |
| 250 | |aFirst printed 1963, revised 1967, reprinted 1968 |
| 260 | |aOttawa - Ontario : |bAgriculture Canada. |c1967. |
| 300 | |a24p.|billus., references, tables |
| 500 | |aHistorical publication digitized by Agriculture and Agri-Food Canada. |
| 590 | |a15-03-Supp|b2015-03-13 |
| 690 | 07|aPlant diseases|2gcpds |
| 720 | 1 |aBell, J. M. |
| 720 | 1 |aDowney, R. K. |
| 720 | 1 |aWetter, L. R. |
| 856 | 40|ahttp://publications.gc.ca|qPDF|s2937 KB|uhttps://publications.gc.ca/collections/collection_2015/aac-aafc/A53-1183-1967-eng.pdf |
| 986 | |aPublication 1767 |